header

Can the world afford autistic spectrum disorder? (Record no. 68673)

MARC details
000 -LEADER
fixed length control field 01230nam a2200301Ia 4500
100 1# - MAIN ENTRY--AUTHOR NAME
Personal name Tantam, Digby.
245 10 - TITLE STATEMENT
Title Can the world afford autistic spectrum disorder?
260 ## - PUBLICATION, DISTRIBUTION, ETC. (IMPRINT)
Place of publication London ;
-- Philadelphia :
Name of publisher Jessica Kingsley Publishers,
Year of publication 2009.
300 ## - PHYSICAL DESCRIPTION
Number of Pages 256 p.
650 #0 - SUBJECT ADDED ENTRY--TOPICAL TERM
Topical Term Autism.
Topical Term Nonverbal communication.
Topical Term Asperger's syndrome.
856 40 - ELECTRONIC LOCATION AND ACCESS
Uniform Resource Identifier http://site.ebrary.com/lib/rucke/Doc?id=10331405

No items available.

© 2026 Rongo University
Contact us: librarian | system librarian | Rongo university